000
00195nam a22000857a 4500
008
160716b xxu||||| |||| 00| 0 eng d
100
_9
2936
_a
Dahl R
245
_a
Matilda
260
_a
USA
_b
Jonathan
_c
1986
999
_c
2501
_d
2501